000 00435nam a2200193Ia 4500
005 20240823032015.0
008 240823s9999||||xx |||||||||||||| ||und||
020 _a978-81-8468-278-6
041 _aENGLISH
082 _A823.8 Q0
100 _aCharles Dickens
245 0 _aOliver Twist
250 _a1st
260 _c2010
_bMaster Mino
500 _aYES
650 _aOliver Twist
_bGeneral
942 _cBK
999 _c192418
_d192418